County Seats Of New York - Map Quiz - Statistics

General Stats
  • This quiz has been taken 165 times
  • The average score is 31 of 62
Answers on the Map
Answers color-coded by a green-red scale on the quiz's map according to % correct below.
 
Answer Stats
County Seat % Correct
(NY City borough) Kew Gardens (Queens County)
99%
(NY City borough) Manhattan (New York County)
99%
(NY City borough) Staten Island (Richmond County)
98%
Erie Buffalo
96%
(NY City borough) The Bronx (Bronx County)
96%
______ Albany
95%
(NY City borough) Brooklyn (Kings County)
95%
Monroe Rochester
91%
Onondaga Syracuse
91%
Dutchess Poughkeepsie
84%
Tompkins Ithaca
83%
___________ Schenectady
81%
Oneida Utica
80%
Broome Binghamton
79%
______ Oswego
72%
Westchester White Plains
72%
Clinton Plattsburgh
70%
Rensselaer Troy
67%
Chemung Elmira
64%
Ulster Kingston
60%
Jefferson Watertown
60%
________ Cortland
56%
Cayuga Auburn
53%
________ Herkimer
53%
Genesee Batavia
51%
Suffolk Riverhead
49%
Columbia Hudson
47%
Niagara Lockport
47%
Livingston Geneseo
46%
_________ Schoharie
46%
Ontario Canandaigua
44%
Otsego Cooperstown
44%
Rockland New City
44%
Nassau Mineola
41%
Schuyler Watkins Glen
40%
Greene Catskill
38%
Saratoga Ballston Spa
37%
Fulton Johnstown
37%
Tioga Owego
33%
Yates Penn Yan
33%
Warren Queensbury
32%
Steuben Bath
31%
Franklin Malone
31%
Sullivan Monticello
31%
Putnam Carmel Hamlet
28%
Delaware Delhi
27%
Orange Goshen
27%
Chenango Norwich
27%
St. Lawrence Canton
26%
Lewis Lowville
26%
Essex Elizabethtown
25%
Wyoming Warsaw
25%
Orleans Albion
23%
Washington Fort Edward
22%
Chautauqua Mayville
21%
Montgomery Fonda
20%
Cattaraugus Little Valley
20%
Seneca Waterloo
19%
Wayne Lyons
17%
Allegany Belmont
16%
Hamilton Lake Pleasant
15%
Madison Wampsville
11%
No matching quizzes found
Score Distribution
Percent of People with Each Score
Percentile by Number Answered
Your Score History
You have not taken this quiz